LEADER 01096nam--2200373---450- 001 990006082870203316 005 20151006133820.0 010 $a978-88-430-6292-8 035 $a000608287 035 $aUSA01000608287 035 $a(ALEPH)000608287USA01 035 $a000608287 100 $a20141013d2015----km-y0itay50------ba 101 $aita 102 $aIT 105 $a||||||||001yy 200 1 $a<> TV invadente$eil reality del dolore da Vermicino ad Avetrana$fAnna Bisogno 210 $aRoma$cCarocci$d2015 215 $a111 p.$d24 cm 225 2 $aBiblioteca di testi e studi$v1020 410 0$12001$aBiblioteca di testi e studi$v1020 454 1$12001 600 1$aTelevisione$xSociologia$2BNCF 676 $a791.4560945 700 1$aBISOGNO,$bAnna$0320997 801 0$aIT$bsalbc$gISBD 912 $a990006082870203316 951 $aIV.1. 1600$b250289 L.M.$cIV.1.$d379057 959 $aBK 969 $aUMA 979 $aALESSANDRA$b90$c20151006$lUSA01$h1335 979 $aALESSANDRA$b90$c20151006$lUSA01$h1338 996 $aTV invadente$91382352 997 $aUNISA LEADER 02725nam 2200565Ia 450 001 9910975033103321 005 20251117113826.0 010 $a9781118570685 010 $a1118570685 010 $a9781299476271 010 $a1299476279 010 $a9781118570661 010 $a1118570669 035 $a(CKB)24989752000041 035 $a(Au-PeEL)EBL1170564 035 $a(CaPaEBR)ebr10690349 035 $a(CaONFJC)MIL478877 035 $a(OCoLC)841915114 035 $a(MiAaPQ)EBC1170564 035 $a(MiAaPQ)EBC7103813 035 $a(BIP)43654748 035 $a(EXLCZ)9924989752000041 100 $a20130222d2013 uy 0 101 0 $aeng 135 $aur||||||||||| 181 $ctxt$2rdacontent 182 $cc$2rdamedia 183 $acr$2rdacarrier 200 10$aWriting scientific research articles $estrategy and steps /$fMargaret Cargill, Patrick O'Connor 205 $a2nd ed. 210 $aChichester, West Sussex, UK $cJohn Wiley & Sons Inc.$d2013 215 $axii, 223 p 320 $aIncludes bibliographical references and index. 330 $aThis book shows scientists how to apply their analysis and synthesis skills to overcoming the challenge of how to write, as well as what to write, to maximise their chances of publishing in international scientific journals. The book uses analysis of the scientific article genre to provide clear processes for writing each section of a manuscript, starting with clear 'story' construction and packaging of results. Each learning step uses practical exercises to develop writing and data presentation skills based on reader analysis of well-written example papers. Strategies are presented for responding to referee comments, and for developing discipline-specific English language skills for manuscript writing and polishing. The book is designed for scientists who use English as a first or an additional language, and for individual scientists or mentors or a class setting. In response to reader requests, the new edition includes review articles and the full range of research article formats, as well as applying the book's principles to writing funding applications. Web support for this book is available at www.writeresearch.com.au 606 $aResearch 606 $aScience news 606 $aTechnical writing 615 0$aResearch. 615 0$aScience news. 615 0$aTechnical writing. 676 $a808.06/65 700 $aCargill$b Margaret$0471596 701 $aO'Connor$b Patrick$f1967-$0524966 801 0$bMiAaPQ 801 1$bMiAaPQ 801 2$bMiAaPQ 906 $aBOOK 912 $a9910975033103321 996 $aWriting scientific research articles$9822953 997 $aUNINA